[Event "45 Miedzynarodowy Festiwal Szachowy im."]
[Site "Polanica Zdroj - Nasz Dom"]
[Date "2009.08.27"]
[Round "10.38"]
[White "Zak, Pawel"]
[Black "Kowalczyk, Adam"]
[Result "0-1"]
[WhiteElo "1792"]
[BlackElo "1745"]
[PlyCount "52"]
[EventDate "2009.??.??"]

1. b4 d5 2. Bb2 e6 3. Nf3 Nf6 4. a3 c5 5. bxc5 Bxc5 6. d4 Bd6 7. e3 O-O 8. c4
b6 9. Nbd2 Ba6 10. Be2 Nbd7 11. O-O Rc8 12. Qa4 Bxc4 13. Bxc4 dxc4 14. Nxc4 Bb8
15. Rfc1 Ne4 16. Qb3 Ndf6 17. a4 Ng4 18. Rc2 Qd5 19. Rac1 Rc6 20. h3 Ngxf2 21.
Rxf2 Nxf2 22. Kxf2 Rfc8 23. Nfd2 Qg5 24. e4 Bf4 25. Bc3 Qg3+ 26. Ke2 Bxd2 0-1

[Event "45 Miedzynarodowy Festiwal Szachowy im."]
[Site "Polanica Zdroj - Nasz Dom"]
[Date "2009.08.27"]
[Round "10.39"]
[White "Zysko, Teresa"]
[Black "Dadello, Aleksandra"]
[Result "1-0"]
[WhiteElo "1699"]
[BlackElo "1731"]
[PlyCount "93"]
[EventDate "2009.??.??"]

1. e4 e5 2. Nf3 Nc6 3. Bb5 a6 4. Ba4 Nf6 5. O-O b5 6. Bb3 Bc5 7. d3 d6 8. c3
O-O 9. Re1 Re8 10. Be3 Bxe3 11. fxe3 Be6 12. Bc2 d5 13. exd5 Nxd5 14. Nbd2 f5
15. Nb3 Qf6 16. Nc5 Bf7 17. e4 fxe4 18. Nxe4 Qg6 19. Qd2 Rad8 20. Neg5 Nf4 21.
d4 Qh5 22. Bxh7+ Kh8 23. Nxf7+ Qxf7 24. Be4 Na5 25. Qf2 exd4 26. Ng5 Qf6 27.
Qh4+ Kg8 28. Qh7+ Kf8 29. Qh8+ Ke7 30. Bg6+ Kd6 31. Rxe8 Rxe8 32. Qxe8 Qxg5 33.
Qf8+ Kc6 34. Be4+ Kd7 35. Re1 Nh3+ 36. Kh1 Nf4 37. Bf5+ Kc6 38. Qe8+ Kb7 39.
Qe4+ Kb8 40. cxd4 Nc4 41. Qe8+ Kb7 42. Be4+ Kb6 43. Qc6+ Ka5 44. Qxc7+ Kb4 45.
b3 Nb2 46. Qc2 Ka3 47. b4 1-0

[Event "45 Miedzynarodowy Festiwal Szachowy im."]
[Site "Polanica Zdroj - Nasz Dom"]
[Date "2009.08.27"]
[Round "10.40"]
[White "Kwasniewski, Pawel"]
[Black "Grochocinska, Urszula"]
[Result "0-1"]
[WhiteElo "1470"]
[BlackElo "1711"]
[PlyCount "30"]
[EventDate "2009.??.??"]

1. d4 d5 2. c4 e6 3. Nc3 c5 4. e3 Nc6 5. Nf3 Nf6 6. Be2 b6 7. O-O Bd6 8. cxd5
exd5 9. g3 O-O 10. dxc5 Bxc5 11. a3 d4 12. exd4 Nxd4 13. Nxd4 Bxd4 14. Bf3 Bh3
15. Bxa8 Qxa8 0-1

[Event "45 Miedzynarodowy Festiwal Szachowy im."]
[Site "Polanica Zdroj - Nasz Dom"]
[Date "2009.08.27"]
[Round "10.41"]
[White "Szczurek, Natalia"]
[Black "Zajaczkowski, Gwidon"]
[Result "1-0"]
[WhiteElo "1738"]
[BlackElo "1739"]
[PlyCount "77"]
[EventDate "2009.??.??"]

1. e4 c5 2. Nf3 Nc6 3. d4 cxd4 4. Nxd4 e5 5. Nb5 Qh4 6. Nc7+ Kd8 7. Nxa8 Qxe4+
8. Qe2 Qxe2+ 9. Bxe2 d5 10. Nc3 Bb4 11. Bd2 Be6 12. Nb5 Bc5 13. Nac7 a6 14.
Nxe6+ fxe6 15. Nc3 Nd4 16. Bd1 Nf6 17. Bg5 Rf8 18. O-O e4 19. Ne2 Nf5 20. Nf4
Kd7 21. Be2 Ne8 22. Nh5 e5 23. Ng3 Nd4 24. Bg4+ Kc6 25. c3 Nb5 26. Rad1 h6 27.
Bc1 Ned6 28. a4 Na7 29. b4 Bb6 30. a5 Bc7 31. Be6 d4 32. cxd4 exd4 33. Rxd4
Nab5 34. Rd2 Nc3 35. Rc2 Ndb5 36. Nxe4 Re8 37. Nxc3 Nd4 38. Bd5+ Kd7 39. Rd2
1-0

[Event "45 Miedzynarodowy Festiwal Szachowy im."]
[Site "Polanica Zdroj - Nasz Dom"]
[Date "2009.08.27"]
[Round "10.43"]
[White "Wolski, Jerzy"]
[Black "Pac, Maciej"]
[Result "1-0"]
[WhiteElo "1993"]
[BlackElo "1830"]
[PlyCount "59"]
[EventDate "2009.??.??"]

1. e4 e6 2. d4 b6 3. c4 Bb7 4. Nc3 Bb4 5. f3 f5 6. exf5 exf5 7. Bf4 Na6 8. Qe2+
Qe7 9. O-O-O O-O-O 10. Qxe7 Nxe7 11. Kc2 Ng6 12. Bg3 Rde8 13. Nh3 h6 14. Nf4
Nxf4 15. Bxf4 g5 16. Be5 Rhg8 17. Bd3 g4 18. Rhf1 Ref8 19. a3 Bxc3 20. Kxc3
gxf3 21. gxf3 Nb8 22. d5 d6 23. Bf4 Rg6 24. Rg1 Rgf6 25. Rg7 Nd7 26. Re1 Kd8
27. Ree7 Bc8 28. Rh7 Re8 29. Reg7 Nf8 30. Rxh6 1-0

[Event "45 Miedzynarodowy Festiwal Szachowy im."]
[Site "Polanica Zdroj - Nasz Dom"]
[Date "2009.08.27"]
[Round "10.44"]
[White "Wrzalek, Piotr"]
[Black "Wisniewski, Michal"]
[Result "1-0"]
[WhiteElo "1600"]
[BlackElo "1456"]
[PlyCount "73"]
[EventDate "2009.??.??"]

1. e4 e6 2. d4 d5 3. exd5 exd5 4. Nf3 c5 5. Bb5+ Bd7 6. Bxd7+ Qxd7 7. O-O Be7
8. Re1 Nf6 9. dxc5 O-O 10. Ne5 Qc7 11. b4 a5 12. c3 Nc6 13. Bf4 Nxe5 14. Bxe5
Qc6 15. Qd4 Rfe8 16. Nd2 axb4 17. cxb4 Ra4 18. Qb2 b6 19. Rec1 Rea8 20. Bd4
bxc5 21. Bxc5 Bxc5 22. Rxc5 Qb6 23. Rac1 h6 24. Rc8+ Kh7 25. R1c6 Qb5 26. Qc2+
Ne4 27. Nxe4 dxe4 28. Qxe4+ f5 29. Qe6 Qxc6 30. Rxc6 Rxa2 31. Qxf5+ Kg8 32.
Rc8+ Rxc8 33. Qxc8+ Kh7 34. Qf5+ Kh8 35. g3 Rb2 36. Kg2 Rb3 37. Qc8+ 1-0